100 Places on Earth - Picture Quiz - Statistics

General Stats
  • This quiz has been taken 246 times
  • The average score is 51 of 100
Answer Stats
Picture Hint Answer % Correct
city New York City
97%
landmark Eiffel Tower
94%
city Sydney
94%
building Big Ben
93%
building Colosseum
93%
bridge Golden Gate Bridge
93%
building Taj Mahal
93%
building Leaning Tower of Pisa
91%
monument Stonehenge
91%
landmark Great Wall of China
89%
waterfall Niagara Falls
88%
mountain Mount Rushmore
87%
city Rio De Janeiro
86%
landmark Machu Picchu
85%
city Venice
84%
mountain Mount Fuji
82%
city Los Angeles
81%
desert Sahara
81%
landmark The Great Sphinx
80%
island Easter Island
79%
gorge Grand Canyon
79%
continent Antarctica
77%
attraction Disney World
77%
country Vatican City
77%
mountain Mount Everest
76%
building The Louvre
76%
building Empire State Building
75%
sea Dead Sea
70%
building CN Tower
69%
city Mecca
69%
rock formation Uluru
68%
landmark Brandenburg Gate
67%
building Parthenon
66%
city Copenhagen
64%
building Notre Dame
62%
country Singapore
62%
island Tasmania
62%
bridge Tower Bridge
62%
country Iceland
60%
building Petronas Towers
60%
mountain range Andes
59%
building Angkor Wat
59%
building Burj Khalifa
59%
landmark Egyptian Pyramids
59%
waterfall Angel Falls
58%
city Shanghai
58%
waterfall Victoria Falls
58%
landmark Petra
57%
intersection Times Square
57%
country Madagascar
56%
building Sagrada Familia
56%
building Space Needle
55%
city Florence
54%
building Saint Basil's Cathedral
52%
national park Yosemite
52%
city Hong Kong
51%
country Thailand
51%
mountain The Matterhorn
51%
city Bangkok
49%
building Hagia Sophia
49%
city Milan
48%
landmark Chichen Itza
45%
mountain Mount Kilimanjaro
44%
city Baghdad
43%
building Dome of the Rock
43%
city Luxor
42%
mountain range Rocky Mountains
41%
city Taipei
40%
city Xian
38%
country Croatia
37%
city Pyongyang
34%
country Namibia
32%
waterfall Iguazu Falls
31%
country Bolivia
30%
rock formation Giant's Causeway
30%
city Lisbon
30%
city Cape Town
29%
region Serengeti
29%
country Yemen
29%
city Yangon
24%
city Kiev
23%
islands Galápagos Islands
20%
city Brasilia
19%
country New Zealand
19%
city Dublin
18%
island Oahu
18%
city Jakarta
11%
country Slovenia
11%
lake Lake Louise
10%
building Borobudur
7%
region Cappadocia
7%
gorge Antelope Canyon
4%
city Bagan
4%
city Djenné
4%
city Lalibela
4%
national park Torres del Paine
4%
building Citadelle Laferrière
1%
cave Hang Sơn Đoòng
1%
rock formation Sigiriya
1%
rock formation Trolltunga
1%
No matching quizzes found
Score Distribution
Percent of People with Each Score
Percentile by Number Answered
Your Score History
You have not taken this quiz